UM Logo

How to cheat in photoshop elements 8/ (Record no. 1572)

MARC details
000 -LEADER
fixed length control field 00575nam a22001817a 4500
008 - FIXED-LENGTH DATA ELEMENTS--GENERAL INFORMATION
fixed length control field 160407b xxu||||| |||| 00| 0 eng d
020 ## - INTERNATIONAL STANDARD BOOK NUMBER
International Standard Book Number 9780240521879
082 ## - DEWEY DECIMAL CLASSIFICATION NUMBER
Edition number 2010
Classification number DC 006.686
Item number As3
100 ## - MAIN ENTRY--PERSONAL NAME
9 (RLIN) 4898
Personal name Asch, David
245 ## - TITLE STATEMENT
Title How to cheat in photoshop elements 8/
Statement of responsibility, etc. David Asch
260 ## - PUBLICATION, DISTRIBUTION, ETC. (IMPRINT)
Place of publication, distribution, etc. Massachusetts:
Name of publisher, distributor, etc. Focal Press,
Date of publication, distribution, etc. c2010.
300 ## - PHYSICAL DESCRIPTION
Extent viii, 311 pages:
Other physical details colored illustrations;
Dimensions 24 cm.
500 ## - GENERAL NOTE
General note Includes glossary and index.
650 #0 - SUBJECT ADDED ENTRY--TOPICAL TERM
9 (RLIN) 4900
Topical term or geographic name as entry element Adobe photoshop elements
700 ## - ADDED ENTRY--PERSONAL NAME
9 (RLIN) 4901
Personal name Caplin, Steve
365 ## - TRADE PRICE
Price amount 3,595.00
Currency code Php.
942 ## - ADDED ENTRY ELEMENTS (KOHA)
Source of classification or shelving scheme Dewey Decimal Classification
Koha item type Circulation
Holdings
Withdrawn status Lost status Source of classification or shelving scheme Damaged status Not for loan Collection code Home library Current library Shelving location Date acquired Source of acquisition Total Checkouts Full call number Barcode Date last seen Date last checked out Cost, replacement price Price effective from Koha item type
    Dewey Decimal Classification     Circulation UM Digos College - LIC UM Digos College - LIC Book Cart 09/24/2010 Purchased 3 DC 006.686 As3 2010 21041 05/15/2025 10/05/2022 3595.00 04/07/2016 Circulation